Statystyki dla Wszystkie mapy w Overwatch 2

Kliknij tutaj aby rozwiązać quiz!

Ogólne statystyki

  • Ten quiz został rozwiązany 50 razy
  • Średni wynik to 6 z 51

Statystyki odpowiedzi

Szturm% Poprawnych
Nepal
39%
Czarny las
36%
Junkertown
36%
King's Row
36%
Koloseum
36%
Paryż
36%
Dorado
32%
Droga 66
32%
Hanamura
32%
Eichenwalde
25%
Ilios
21%
Pusan
21%
Blizzard World
18%
Hollywood
18%
Nekropolia
18%
Antarktyda
14%
Castillo
14%
Kolonia księżycowa Horyzont
14%
Numbani
14%
Oaza
14%
Hawana
11%
Rialto
11%
Świątynia Anubisa
11%
Wieża Lijiang
11%
Kanezaka
7%
Malevento
7%
New Queen Street
7%
Petra
7%
Zakłady Volskaya Industries
7%
Circuit Royal
4%
Posterunek: Gibraltar
4%
Adlersbrunn
0%
Ayutthaya
0%
Château Guillard
0%
Estádio das Rãs
0%
Ilios: Latarnia morska
0%
Ilios: Ruiny
0%
Ilios: Studnia
0%
Nepal: Kapliczka
0%
Nepal: Sanktuarium
0%
Nepal: Wioska
0%
Oaza: Centrum miasta
0%
Oaza: Ogrody
0%
Oaza: Uniwersytet
0%
Rio de Janeiro
0%
Śródmieście
0%
Stadion Pusan
0%
Sydney Harbour Park
0%
Wieża Lijiang: Centrum sterowania
0%
Wieża Lijiang: Nocny bazar
0%
Wieża Lijiang: Ogród
0%

Rozkład punktacji

Percentyl według liczby udzielonych odpowiedzi

Procent ludzi z każdym wynikiem

Twoja historia wyników

Nie rozwiązałeś tego quizu